Datum a čas kvízu
38
Celkem bodů
Celkový počet nahraných bodů na tomto kvízu bez doplňovacích otázek.
1.
Pořadí na kvízu
Konečné umístění týmu na tomto kvízu.
Zaznamenané odpovědi
| # | Otázka | Odpověď | Body | Výsledky |
|---|---|---|---|---|
| 1. | Státní zemědělská a potravinář... | o pálivé chipsy (lupínky) | 1 | |
| 2. | Ve kterém evropském státě se m... | v Nizozemsku | 1 | |
| 3. | Ve čtvrtek měl premiéru americ... | Ridley Scott, Joaquin Phoenix | 1 | |
| 4. | Státní firma Čepro, která prov... | Robin Oil | 1 | |
| 5. | Německá fotbalová reprezentace... | Rakousko, 2:0 | 1 | |
| 6. | Střední Asií budeme mít na mys... | Kazachstán | 1 | |
| 7. | Ač jsou některé státy Střední... | 1A 2D 3C 4B | 1 | |
| 8. | Ve kterém státě byste hledali... | Turkmenistán | 1 | |
| 9. | Z Buchary, která se dnes nachá... | Avicenna | 0 | |
| 10. | Ve kterém státě se nachází měs... | Tádžikistán | 0 |